00518nam a2200181 a 45000010010000000030011000100080041000210350026000620820014000881000022001022450024001242600034001486500017001829420012001999520090002119980020003019990015003210000-9315ELIB.Books110520 1997  a(ELIB.Books)0000-9467 a232 bSpu aSpurgeon, Charles aWhen Christ returns bU.S.A.: Whitaker House c1997 aJesus Christ 2ddccBK 00102ddc4070aKBTSbKBTSd2011-05-20l0p8014r2022-01-22 00:00:00w2022-01-22yBK cbate2011-05-20 c9315d9315